| 000 | 00735nam a2200289Ia 4500 | ||
|---|---|---|---|
| 005 | 20251020182500.0 | ||
| 008 | 200515s9999 xx 000 0 und d | ||
| 020 | _a968-18-5793-3 | ||
| 082 | _a624.933/A50 | ||
| 100 | _aAmbrose, James | ||
| 100 | _aVergun, Dimitry | ||
| 245 | 0 | _aDiseño simplificado de edificios para cargas de viento y sismo | |
| 250 | _a2a ed. | ||
| 260 | _aMéxico, D.F. | ||
| 260 | _bLIMUSA ; NORIEGA EDITORES | ||
| 260 | _c1999 | ||
| 300 | _a326 p. | ||
| 300 | _bil., tbl., graf. | ||
| 490 | _aCOLECCIÓN TEXTOS POLITÉCNICOS | ||
| 500 | _a1 ejemplar | ||
| 650 | _aCARGAS DE VIENTO | ||
| 650 | _aEDIFICIOS | ||
| 650 | _aESTRUCTURAS | ||
| 650 | _aSISMOS | ||
| 942 | _cLIB | ||
| 999 |
_c1127 _d1127 |
||